Américo Vespucio, el nuevo mundo (Record no. 145528)

MARC details
000 -LEADER
campo de control de longitud fija 00910nam a2200229 i 4500
001 - NÚMERO DE CONTROL
campo de control 145528
003 - IDENTIFICADOR DE NÚMERO DE CONTROL
campo de control ES-MaACL
005 - FECHA Y HORA DE LA ÚLTIMA TRANSACCIÓN
campo de control 20250902131139.0
007 - CAMPO FIJO DE DESCRIPCIÓN FÍSICA--INFORMACIÓN GENERAL
campo de control de longitud fija t|
008 - DATOS DE LONGITUD FIJA--INFORMACIÓN GENERAL
campo de control de longitud fija 071015s1951 ag ||||1| spa d
100 1# - ENTRADA PRINCIPAL--NOMBRE DE PERSONA
Nombre de persona Vespucci, Amerigo.
9 (RLIN) 114224
245 10 - MENCIÓN DEL TÍTULO
Título Américo Vespucio, el nuevo mundo
Resto del título : cartas relativas a sus viajes y descubrimientos /
Mención de responsabilidad, etc. textos en italiano, español e inglés ; estudio preliminar de Roberto Levillier.
260 ## - PUBLICACIÓN, DISTRIBUCIÓN, ETC.
Lugar de publicación, distribución, etc. Buenos Aires :
Nombre del editor, distribuidor, etc. Editorial Nova,
Fecha de publicación, distribución, etc. [1951]
300 ## - DESCRIPCIÓN FÍSICA
Extensión 342 p. :
Otras características físicas il. ;
Dimensiones 23 cm.
490 1# - MENCIÓN DE SERIE
Mención de serie Biblioteca americanista
651 #4 - PUNTO DE ACCESO ADICIONAL DE MATERIA--NOMBRE GEOGRÁFICO
Nombre geográfico América-
Subdivisión general Descubrimientos y exploraciones-
-- Españoles.
9 (RLIN) 138324
651 ## - PUNTO DE ACCESO ADICIONAL DE MATERIA--NOMBRE GEOGRÁFICO
Nombre geográfico América española-
Subdivisión general Descripción-
Subdivisión de forma Obras anteriores a 1800.
9 (RLIN) 172691
700 1# - ENTRADA AGREGADA--NOMBRE PERSONAL
Nombre de persona Levillier, Roberto,
Fechas asociadas al nombre 1886-1969
9 (RLIN) 71965
830 0# - PUNTO DE ACCESO ADICIONAL DE SERIE-TÍTULO UNIFORME
Título uniforme Biblioteca americanista
9 (RLIN) 220776
852 ## - LOCALIZACIÓN
Ubicación ES-MaACL
Número de control de estantería D-6776
Sublocalización o colección R.31591
Holdings
Estatus retirado Estado de pérdida Estado de daño No para préstamo Biblioteca de origen Biblioteca actual Ubicación en estantería Fecha de adquisición Fuente de adquisición Total de préstamos Signatura topográfica completa Código de barras Visto por última vez Precio de reemplazo Tipo de ítem Koha
        Biblioteca del Ateneo de Madrid Biblioteca del Ateneo de Madrid Sala Valle Inclán 17/01/2008     D-6776 901151904 23/02/2023 23/02/2023 Libro impreso